[Event "Ancona Province-ch"]
[Site "Castelfidardo"]
[Date "2002.02.03"]
[Round "5"]
[White "Badiali, Giosue"]
[Black "Morici, Marco"]
[Result "0-1"]
[WhiteElo "1663"]
[BlackElo "1612"]
[PlyCount "64"]
[EventDate "2002.01.26"]
[EventType "swiss"]
[EventRounds "6"]
[EventCountry "ITA"]
[SourceTitle "EXT 2024"]
[Source "ChessBase"]
[SourceDate "2023.10.10"]
[SourceVersion "1"]
[SourceVersionDate "2023.10.10"]
[SourceQuality "1"]

1. d4 e6 2. c4 Nf6 3. a3 b6 4. Nc3 Bb7 5. Bg5 Be7 6. Qc2 0-0 7. e4 d6 8. Bd3 Nbd7 9. Nf3 h6 10. Bh4 c5 11. e5 dxe5 12. dxe5 Nh5 13. Bxe7 Qxe7 14. Ne4 Nf4 15. 0-0 Ng6 16. Nd6 Bxf3 17. Bxg6 Nxe5 18. Bh7+ Kh8 19. gxf3 Qxd6 20. Be4 Rad8 21. Qc3 Nc6 22. Kh1 Nd4 23. Rg1 f5 24. Bd3 Rd7 25. Rg3 Qc6 26. Bf1 f4 27. Rh3 Rf5 28. Re1 Rg5 29. Bg2 e5 30. Rh4 h5 31. Rh3 Qg6 32. Bf1 Rg1# 0-1

[Event "Ancona Province-ch"]
[Site "Castelfidardo"]
[Date "2002.02.02"]
[Round "4"]
[White "Badiali, Giosue"]
[Black "Baleani, Emanuele"]
[Result "1/2-1/2"]
[WhiteElo "1663"]
[BlackElo "1569"]
[PlyCount "65"]
[EventDate "2002.01.26"]
[EventType "swiss"]
[EventRounds "6"]
[EventCountry "ITA"]
[SourceTitle "EXT 2024"]
[Source "ChessBase"]
[SourceDate "2023.10.10"]
[SourceVersion "1"]
[SourceVersionDate "2023.10.10"]
[SourceQuality "1"]

1. d4 Nf6 2. c4 b6 3. Nc3 Bb7 4. Bf4 g6 5. Nf3 Bg7 6. Qc2 0-0 7. e4 d6 8. Bd3 Nc6 9. a3 Re8 10. d5 Nb8 11. Qd2 e6 12. 0-0 exd5 13. exd5 Nbd7 14. Rfe1 Nc5 15. Bc2 Ba6 16. b4 Ncd7 17. b5 Bb7 18. Rad1 a6 19. a4 axb5 20. axb5 Nc5 21. Bg5 Qd7 22. Bh6 Bxh6 23. Qxh6 Qg4 24. Qh4 Qxh4 25. Nxh4 Rxe1+ 26. Rxe1 Ra3 27. Nb1 Ra2 28. Rc1 Nfd7 29. Nf3 Nf6 30. Nfd2 Kf8 31. Kf1 Bc8 32. Nc3 Ra3 33. Ncb1 1/2-1/2

[Event "Ancona Province-ch"]
[Site "Castelfidardo"]
[Date "2002.01.26"]
[Round "1"]
[White "Badiali, Giosue"]
[Black "Mircoli, Filippo"]
[Result "1-0"]
[WhiteElo "1663"]
[BlackElo "1555"]
[PlyCount "115"]
[EventDate "2002.01.26"]
[EventType "swiss"]
[EventRounds "6"]
[EventCountry "ITA"]
[SourceTitle "EXT 2024"]
[Source "ChessBase"]
[SourceDate "2023.10.10"]
[SourceVersion "1"]
[SourceVersionDate "2023.10.10"]
[SourceQuality "1"]

1. d4 Nf6 2. c4 e6 3. Bg5 h6 4. Bh4 Bb4+ 5. Nc3 c5 6. a3 Bxc3+ 7. bxc3 0-0 8. Nf3 d6 9. dxc5 dxc5 10. Qxd8 Rxd8 11. Bxf6 gxf6 12. Nd2 b6 13. e3 Bb7 14. Be2 Nc6 15. a4 Ne5 16. a5 Nd3+ 17. Bxd3 Rxd3 18. Nb1 Kh7 19. Ke2 Rad8 20. axb6 axb6 21. f3 e5 22. Ra7 R3d7 23. Ra2 Rg8 24. g3 h5 25. e4 Rg5 26. Rd1 Rxd1 27. Kxd1 Rg8 28. Ra7 Rd8+ 29. Ke2 Rd7 30. Na3 Kg6 31. Nc2 f5 32. exf5+ Kxf5 33. Ke3 Ke6 34. Na3 f5 35. Nb5 Ke7 36. h3 Ke6 37. Ra1 Rg7 38. Kf2 Rd7 39. Ke3 e4 40. fxe4 fxe4 41. Ke2 Rd3 42. Rg1 Bc6 43. Na7 Kd7 44. Rd1 Rxd1 45. Kxd1 Ba4+ 46. Kd2 Ke6 47. Ke3 Bc2 48. Nc8 Ke5 49. Nxb6 Bd3 50. Na4 Kd6 51. Nb2 Bb1 52. Nd1 Ke5 53. Nf2 Bc2 54. g4 hxg4 55. Nxg4+ Kf5 56. Nf2 Bb3 57. Nxe4 Bxc4 58. Nd6+ 1-0

[Event "Ancona Province-ch"]
[Site "Italy"]
[Date "2001.02.18"]
[Round "6"]
[White "Possanzini, Lorenzo"]
[Black "Badiali, Giosue"]
[Result "0-1"]
[WhiteElo "1516"]
[BlackElo "1621"]
[PlyCount "132"]
[EventDate "2001.02.10"]
[EventType "swiss"]
[EventRounds "6"]
[EventCountry "ITA"]
[SourceTitle "EXT 2024"]
[Source "ChessBase"]
[SourceDate "2023.10.10"]
[SourceVersion "1"]
[SourceVersionDate "2023.10.10"]
[SourceQuality "1"]

1. c3 Nf6 2. d4 g6 3. e3 Bg7 4. Bd3 Nc6 5. f4 e6 6. Nf3 d5 7. 0-0 0-0 8. Nbd2 a6 9. Ne5 Ne7 10. Ndf3 b5 11. b4 Bb7 12. a4 c6 13. a5 Qd6 14. Nd2 Rae8 15. Nb3 Bc8 16. Nc5 Kh8 17. Bd2 Nfg8 18. Kh1 f6 19. Nf3 Nh6 20. h3 Nhf5 21. Bxf5 Nxf5 22. Qe1 e5 23. Nh4 Nh6 24. fxe5 fxe5 25. Qg3 Qe7 26. Nf3 Nf5 27. Qe1 e4 28. Nh2 Qg5 29. Kg1 Nh4 30. g4 h5 31. Qg3 hxg4 32. hxg4 Kg8 33. Rxf8+ Rxf8 34. Rf1 Qe7 35. Rxf8+ Bxf8 36. Be1 g5 37. Qh3 Qf6 38. Bxh4 gxh4 39. Qf1 Qg6 40. Qg2 Bd6 41. Nf1 Kg7 42. Nh2 Qg5 43. Nf1 Kg6 44. Kf2 Qf6+ 45. Ke2 Kg5 46. Ke1 Qf3 47. Qxf3 exf3 48. Nd3 Kxg4 49. Nf2+ Kh5 50. Nh1 Bh3 51. Nf2 Bg2 52. Nd3 h3 53. Ne5 Bxe5 54. dxe5 Kg5 55. e6 Kf6 56. e7 Kxe7 57. Nh2 Kf6 58. Kf2 Kf5 59. Kg1 Ke4 60. Ng4 Kd3 61. Nh6 Kxc3 62. Nf5 Kxb4 63. Nd4 c5 64. Nc6+ Ka4 65. Ne7 c4 66. Nxd5 f2+ 0-1

[Event "Ancona Province-ch"]
[Site "Italy"]
[Date "2001.02.11"]
[Round "2"]
[White "Padovani, Alessio"]
[Black "Badiali, Giosue"]
[Result "0-1"]
[WhiteElo "1602"]
[BlackElo "1621"]
[PlyCount "118"]
[EventDate "2001.02.10"]
[EventType "swiss"]
[EventRounds "6"]
[EventCountry "ITA"]
[SourceTitle "EXT 2024"]
[Source "ChessBase"]
[SourceDate "2023.10.10"]
[SourceVersion "1"]
[SourceVersionDate "2023.10.10"]
[SourceQuality "1"]

1. c4 c5 2. g3 Nc6 3. Bg2 Nf6 4. Nc3 g6 5. a3 Bg7 6. Nf3 b6 7. 0-0 Bb7 8. Rb1 0-0 9. b4 d6 10. d3 Qd7 11. Bd2 h6 12. Qc1 Kh7 13. bxc5 dxc5 14. a4 e6 15. Nb5 a5 16. Bf4 Ng8 17. Nd6 e5 18. Nxb7 exf4 19. Rxb6 Qc7 20. Rb1 Nb4 21. Qxf4 Qxb7 22. Qd6 Qe7 23. Qxe7 Nxe7 24. Nd2 Ra7 25. Ne4 Rc7 26. Nd2 Rfc8 27. Ne4 Nf5 28. g4 Nd4 29. Rfe1 Re8 30. Kf1 f5 31. gxf5 Nxf5 32. Nd2 Bc3 33. Red1 Rf8 34. Nf3 Re7 35. e4 Nd4 36. Nxd4 Bxd4 37. f3 Ref7 38. Ke2 g5 39. h3 Rf4 40. Rh1 h5 41. Rbf1 Kh6 42. Rh2 R8f6 43. Rhh1 Nc2 44. Rb1 Ne3 45. Rh2 Nxg2 46. Rxg2 Rxf3 47. Rb5 Rf2+ 48. Rxf2 Rxf2+ 49. Ke1 g4 50. hxg4 hxg4 51. Rxa5 g3 52. Ra6+ Kg5 53. Ra8 g2 54. Rg8+ Kh4 55. Rh8+ Kg3 56. Rg8+ Kh2 57. e5 g1Q+ 58. Rxg1 Kxg1 59. e6 Rf8 0-1